000
00313nam a2200109Ia 4500
008
201223s9999 xx 000 0 und d
100
_a
Mallick, Ross
245
0
_a
Development Policy of a Communist Government : West Bengal Since 1977
260
_a
Cambridge
_b
Cambridge University Press
300
_a
0
942
_c
BK
999
_c
8499
_d
8499